Estatísticas para Presidentes do Brasil

Clique aqui para jogar o quiz

Estatísticas Gerais

  • Esse quiz foi jogado 5 239 vezes
  • A pontuação média é 18 de 31

Estatísticas das Respostas

MandatoNome% Correto
2003-2011Luiz Inácio Lula da Silva
97%
1930-1945 | 1951-1954Getúlio Vargas
89%
1995-2003Fernando Henrique Cardoso
88%
1990-1992Fernando Collor
83%
2011-2014Dilma Rousseff
78%
1889-1891Deodoro da Fonseca
77%
1961Jânio Quadros
74%
1992-1995Itamar Franco
73%
1961-1954João Goulart
73%
1985-1990José Sarney
71%
1891-1894Floriano Peixoto
67%
1964-1967Castelo Branco
66%
1956-1961Juscelino Kubitschek
62%
1967-1969Costa e Silva
59%
1979-1985João Figueiredo
55%
1974-1979Ernesto Geisel
54%
1954-1955Café Filho
49%
1969-1974Emílio Médici
48%
1926-1930Washington Luís
48%
1894-1898Prudente de Morais
43%
1898-1902Campos Sales
36%
1946-1951Eurico Dutra
36%
1906-1909Afonso Pena
35%
1910-1914Hermes da Fonseca
35%
1909-1910Nilo Peçanha
35%
1902-1906Rodrigues Alves
31%
1914-1918Venceslau Brás
31%
1922-1926Artur Bernardes
30%
1919-1922Epitácio Pessoa
29%
1918-1919Delfim Moreira
21%

Distribuição das Pontuações

Percentil de Números Respondidos

Porcentagem de Pessoas com Cada Pontuação

Sua Pontuação Histórica

Você não jogou esse quiz